| 000 | 01525nam a22003017a 4500 | ||
|---|---|---|---|
| 001 | BR2023002194 | ||
| 003 | BR-BrBNA | ||
| 005 | 20231221160723.0 | ||
| 008 | 231221b2002 bl.a|||| |||| 00| 0 por d | ||
| 040 |
_aBR-BrBNA _bpor |
||
| 041 | _apor | ||
| 072 |
_aN20; F01 _b4560 |
||
| 100 | _aCampos, Newton Carlos Ferraz de | ||
| 100 | _aGalindo, Emílio | ||
| 100 | _aViana, Natal Magalhães | ||
| 110 | 1 |
_94442 _aEstação Experimental de Citricultura de Bebedouro, SP (Brasil) |
|
| 245 | _aCalibração e manutenção de pulverizadores utilizados na citricultura | ||
| 260 |
_aBebedouro SP (Brasil) : _bNovos Talentos, _c2002 |
||
| 300 | _a51 p. | ||
| 490 |
_aBoletim Citrícola - Estação Experimental de Citricultura de Bebedouro (Brasil) _vno. 20 |
||
| 520 | _aEste boletim citrícola, o primeiro deste ano de 2002, aborda um assunto muito importante e prático, ou seja, a calibração e manutenção do pulverizador, um dos equipamentos mais utilizados e importantes na citricultura, mas, muitas vezes, relegado e mal utilizado, o que, associado ao pouco conhecimento dos requisitos gerais de segurança quanto ao meio ambiente e condições da aplicação de defensivos, pode levar a sérias perdas econômicas pelo insucesso no controle adequado de pragas ou doenças, bem como na possibilidade de intoxicação do trabalhador. | ||
| 650 | _aCITRICULTURA | ||
| 650 | _aPULVERIZADOR | ||
| 650 | _aEQUIPAMENTO AGRÍCOLA | ||
| 650 | _aMANUTENÇÃO | ||
| 909 |
_a202312 _bWanessa Ribeiro |
||
| 942 | _cMS | ||
| 999 |
_c260158 _d260158 |
||